000 00777cam a2200217 a 4500
001 000005614
005 20200929151725.0
008 841119s1941 sp b 001 0 spa
040 _aDO-SdBNP
_bspa
_cBNPHU
082 _a920.046
_bP438ge
100 1 _aPérez de Guzmán, Fernán,
_d1370-1460.
_915853
245 1 0 _aGeneraciones y semblanzas /
_cFernán Pérez de Guzmán ; edición y notas de J. Domíguez Bordona.
260 _aMadrid :
_bEspasa Calpe,
_c1941.
300 _axxxvi, 228 ;
_c19 cm.
490 1 _aClásicos castellanos
_v61
651 4 _aEspaña
_xHistoria
_y711-1516
_915648
651 4 _aEspaña
_vBIOGRAFÍA
_93260
650 4 _aNobleza
_zEspaña
_vBIOGRAFÍA
_915649
700 1 _aDomínguez Bordona, J.,
_eed.
_915854
830 0 _aClásicos castellanos ;
_v61
_94180
999 _c5413
_d5413